Hispania vetus : (Record no. 179212)

MARC details
000 -LEADER
campo de control de longitud fija 01139nam a2200301 4500
001 - NÚMERO DE CONTROL
campo de control 179212
003 - IDENTIFICADOR DE NÚMERO DE CONTROL
campo de control ES-MaACL
005 - FECHA Y HORA DE LA ÚLTIMA TRANSACCIÓN
campo de control 20250902225547.0
008 - DATOS DE LONGITUD FIJA--INFORMACIÓN GENERAL
campo de control de longitud fija 111006s2007 sp afgp c |||| |dspa d
020 ## - NÚMERO INTERNACIONAL ESTÁNDAR DEL LIBRO
Número Internacional Estándar del Libro 978-84-96515-49-9
080 ## - NÚMERO DE LA CLASIFICACIÓN DECIMAL UNIVERSAL
Número de la Clasificación Decimal Universal 783.033(460)
080 ## - NÚMERO DE LA CLASIFICACIÓN DECIMAL UNIVERSAL
Número de la Clasificación Decimal Universal 016:738.033(460):091
080 ## - NÚMERO DE LA CLASIFICACIÓN DECIMAL UNIVERSAL
Número de la Clasificación Decimal Universal 017.11(100)
245 00 - MENCIÓN DEL TÍTULO
Título Hispania vetus :
Resto del título manuscritos litúrgico-musicales : de los orígenes visigóticos a la transición francorromana (siglos IX-XII) /
Mención de responsabilidad, etc. Susana Zapke (ed.) ; María José Azevedo Santos ... [et al.] ; prólogo, Anscari M. Mundó.
260 ## - PUBLICACIÓN, DISTRIBUCIÓN, ETC.
Lugar de publicación, distribución, etc. Bilbao :
Nombre del editor, distribuidor, etc. Fundación BBVA,
Fecha de publicación, distribución, etc. [2007]
300 ## - DESCRIPCIÓN FÍSICA
Extensión 480 p. :
Otras características físicas il. col., mapa ;
Dimensiones 31 cm.
500 ## - NOTA GENERAL
Nota general Glosario: p. [449]-457.
500 ## - NOTA GENERAL
Nota general Índices.
504 ## - NOTA DE BIBLIOGRAFÍA, ETC.
Nota de bibliografía, etc. Referencias bibliográficas.
650 #7 - PUNTO DE ACCESO ADICIONAL DE MATERIA--TÉRMINO DE MATERIA
Término de materia o nombre geográfico como elemento de entrada Música sagrada-
Subdivisión geográfica España
Fuente del encabezamiento o término
9 (RLIN) 148149
700 1# - ENTRADA AGREGADA--NOMBRE PERSONAL
Nombre de persona Zapke, Susana.
9 (RLIN) 118019
700 1# - ENTRADA AGREGADA--NOMBRE PERSONAL
Nombre de persona Santos, Maria José Azevedo.
9 (RLIN) 148150
700 1# - ENTRADA AGREGADA--NOMBRE PERSONAL
Nombre de persona Mundó, Anscari M.
9 (RLIN) 148151
710 2# - ENTRADA AGREGADA--NOMBRE DE ENTIDAD CORPORATIVA
Nombre de entidad corporativa o nombre de jurisdicción como elemento de entrada Fundación BBVA
9 (RLIN) 4230
852 4# - LOCALIZACIÓN
Ubicación ES-MaACL
itemnumber 186090
Número de control de estantería A-11592
Sublocalización o colección R.145911
Signatura antigua Olim: N-4597
Ubicación en estantería Depósito 1
942 ## - ELEMENTOS DE ENTRADA SECUNDARIOS (KOHA)
Fuente del sistema de clasificación o colocación Clasificación decimal universal
Tipo de ítem Koha Libro impreso
Holdings
Estatus retirado Estado de pérdida Fuente del sistema de clasificación o colocación Estado de daño No para préstamo Biblioteca de origen Biblioteca actual Ubicación en estantería Fecha de adquisición Fuente de adquisición Total de préstamos Signatura topográfica completa Código de barras Visto por última vez Precio de reemplazo Tipo de ítem Koha
    Clasificación decimal universal     Biblioteca del Ateneo de Madrid Biblioteca del Ateneo de Madrid Depósito 1 06/10/2011 Donación   A-11592 1188260 23/02/2023 23/02/2023 Libro impreso